Νευρωνικά δίκτυα και βαθιά μάθηση

Αποθηκεύτηκε σε:
Λεπτομέρειες βιβλιογραφικής εγγραφής
Κύριος συγγραφέας: Aggarwal, Charu C. (Συγγραφέας)
Άλλοι συγγραφείς: Καμπούρη, Πανδώρα (trlf), Σιούτα, Μυρτώ (trlf)
Μορφή: Βιβλίο
Γλώσσα:Greek
Δημοσίευση: Αθήνα : Fountas, [2000;].
Θέματα:
Ετικέτες: Προσθήκη ετικέτας
Δεν υπάρχουν, Καταχωρήστε ετικέτα πρώτοι!

MARC

LEADER 00000cam a2200000 a 4500
001 1/122607
008 210202s20uu####gr | ||| |||| ||gre||
020 |a 9789603308027   |q (χαρτόδετο)  
040 |a GR-MyUa  |b gre  |c GR-MyUa  |e AACR2 
041 1 |a gre 
082 7 |a 006.32   |2 (23)  
100 1 |a Aggarwal, Charu C.  |e aut 
245 1 0 |a Νευρωνικά δίκτυα και βαθιά μάθηση /   |c Charu C. Aggarwal, μετάφραση Πανδώρα Καμπούρη, Μυρτώ Σιούτα. 
260 |a Αθήνα :   |b Fountas,   |c [2000;].  
300 |a 608 σ. :   |b διαγρ., εικ., πίν. ;   |c 24 εκ.  
500 |3 Μετάφραση του : Neural networks and deep learning.  
504 |a Περιλαμβάνει βιβλιογραφία και ευρετήριο.  
650 0 |a Artificial intelligence. 
650 0 |a Neural networks (Neurobiology) 
650 0 |a Neural networks (Computer science) 
700 1 |a Καμπούρη, Πανδώρα,  |e trlf 
700 1 |a Σιούτα, Μυρτώ,  |e trlf 
852 |a INST  |b CHIOS  |c EUDOXUS  |e 20210202  |h 006.32 AGG  |p 005200039856  |q 005200039856  |t EDX  |y 0 
852 |a INST  |b CHIOS  |c EUDOXUS  |e 20210202  |h 006.32 AGG  |p 005200039858  |q 005200039858  |t EDX  |y 0 
920 |a Εύδοξος  |b Παραγγελία  |y Χίος-ΤΜΟΔ  |z 2021-01 
970 |a Παροικάκη  |b Βασιλική  |z 02-02-2021